header

Telomerase (Record no. 57293)

MARC details
000 -LEADER
fixed length control field 02063nam a2200349 a 4500
082 04 - DEWEY DECIMAL CLASSIFICATION NUMBER
Classification number 616.99/40642
245 00 - TITLE STATEMENT
Title Telomerase
260 ## - PUBLICATION, DISTRIBUTION, ETC. (IMPRINT)
Place of publication New York :
Name of publisher Nova Science Publishers, Inc.,
Year of publication c2010.
300 ## - PHYSICAL DESCRIPTION
Number of Pages xi, 159 p. :
Other physical details ill. (some col.).
490 1# - SERIES STATEMENT
Series statement DNA--properties and modifications, functions and interactions, recombination and applications
500 ## - GENERAL NOTE
General note "Nova biomedical."
505 0# - FORMATTED CONTENTS NOTE
Formatted contents note Telomerase beyond telomeres : new roles for an old enzyme / Gabriele Saretzki -- Telomerase and telomeric proteins : a life beyond telomeres / Ilaria Chiodi, Cristina Belgiovine, Chiara Mondello -- Histone deacetylase inhibition as an anticancer telomerase-targeting strategy / Ruman Rahman -- Telomerase role in pituitary adenomas / A. Ortiz-Plata -- Regulations of telomerase activity and WRN gene expression / Fumiaki Uchiumi, Yoshikazu Higami, Sei-ichi Tanuma -- Telomerase and telomere dynamics in cancer : clinical application for cancer diagnosis / Eiso Hiyama, Keiko Hiyama.
650 #0 - SUBJECT ADDED ENTRY--TOPICAL TERM
Topical Term Telomerase.
700 1# - ADDED ENTRY--PERSONAL NAME
Personal name Gagnon, Aiden N.
856 40 - ELECTRONIC LOCATION AND ACCESS
Uniform Resource Identifier http://site.ebrary.com/lib/rucke/Doc?id=10674880

No items available.

© 2026 Rongo University
Contact us: librarian | system librarian | Rongo university